Teoretické a metodologické aspekty účtovníctva

Informácia o pôsobení v dvoch výskumných projektoch so zameraním na oblasť finančného majetku a využitím moderných didaktických prostriedkov a informačných technológií vo výučbe účtovníctva a analýzu súčasného stavu vybraných oblastí účtovníctva podnikateľských subjektov a jeho využitie pre potreby...

Descrizione completa

Salvato in:
Dettagli Bibliografici
Autore principale: Krasňanská, Jarmila
Natura: Capitolo di libro
Lingua:slovacco
Soggetti:
Tags: Aggiungi Tag
Nessun Tag, puoi essere il primo ad aggiungerne!!

MARC

LEADER 00000naa$a2200000$$$4500
001 0042417
005 20240502071515.6
041 0 |a slo 
044 |a SK 
245 1 0 |a Teoretické a metodologické aspekty účtovníctva  |c Jarmila Krasňanská 
520 |a Informácia o pôsobení v dvoch výskumných projektoch so zameraním na oblasť finančného majetku a využitím moderných didaktických prostriedkov a informačných technológií vo výučbe účtovníctva a analýzu súčasného stavu vybraných oblastí účtovníctva podnikateľských subjektov a jeho využitie pre potreby finančného riadenia. 
610 2 0 |a štandardy účtovné medzinárodné 
610 2 0 |a podnik 
610 2 0 |a školy vysoké 
610 2 0 |a účtovníctvo 
610 2 0 |a vzdelávanie 
610 2 0 |a riadenie finančné 
100 1 |a Krasňanská, Jarmila